Catàleg del Col·legi de Periodistes de Catalunya

Còmics a Cornellà (Registre núm. 4287)

000 -CABECERA
Longitud fija campo de control 00395nam a2200157 a 4500
001 - NÚMERO DE CONTROL
Número de control 4287
003 - IDENTIFICADOR DEL NÚMERO DE CONTROL
Identificador del número de control CDMR
005 - FECHA Y HORA DE LA ÚLTIMA TRANSACCIÓN
Fecha y hora de la última transacción 20131106110145.0
008 - CÓDIGOS DE INFORMACIÓN DE LONGITUD FIJA
Códigos de información de longitud fija 130130c1984|||||||a||||||||||||||||||||d
040 ## - FUENTE DE LA CATALOGACIÓN
Centro catalogador de origen CDMR
Lengua de catalogación cat
Centro transcriptor CDMR
245 #0 - MENCIÓN DE TÍTULO
Título Còmics a Cornellà
260 ## - PUBLICACIÓN, DISTRIBUCIÓN, ETC. (PIE DE IMPRENTA)
Lugar de publicación, distribución, etc. Cornellà de Llobregat
Fecha de publicación, distribución, etc. 19??-
Nombre del editor, distribuidor, etc. L'Ajuntament
300 ## - DESCRIPCIÓN FÍSICA
Otras características físicas il. col.
Dimensiones 30 cm
650 04 - PUNTO DE ACCESO ADICIONAL DE MATERIA - TÉRMINO DE MATERIA
9 (RLIN) 3313
Término de materia o nombre geográfico como elemento inicial Còmics
Subdivisión geográfica Cornellà
942 ## - ENTRADA DE ELEMENTOS AGREGADOS (KOHA)
Koha [por defecto] tipo de item Monografies
Fuente de clasificaión o esquema
Fons
Suprimido Perdido Estropeado No para préstamo Localización permanente Localización actual Fecha adquisición Serie de enumeración / cronología Préstamos totales Signatura completa Código de barras Fecha última consulta Fecha del precio de reemplazo Tipo de item de Koha
        Centre de Documentació Montserrat Roig Centre de Documentació Montserrat Roig 2013-01-16 2004   Di 5/25 CDMR13119402 2013-01-16 2013-01-16 Monografies
        Centre de Documentació Montserrat Roig Centre de Documentació Montserrat Roig 2013-01-16 2005   Di 5/26 CDMR13119403 2013-01-16 2013-01-16 Monografies
        Centre de Documentació Montserrat Roig Centre de Documentació Montserrat Roig 2013-01-16 2006   Di 5/27 CDMR13119404 2013-01-16 2013-01-16 Monografies
        Centre de Documentació Montserrat Roig Centre de Documentació Montserrat Roig 2013-01-16 2008   Di 5/28 CDMR13119405 2013-01-16 2013-01-16 Monografies

Implantat amb Koha